• 首页
  • 本馆介绍
  • 公告通知
  • 最新文献
  • 馆藏检索
  • 电子资源
  • 读者导购
  • 参考咨询
  • 我的图书馆
  • 登录
  • 详细信息显示
  • 放入我的书架
  • 预约/预借图书
  • 作者相关作品
  • 分类相关作品
  • 丛书相关作品
  • 出版社相关作品

书目信息

  • 表格格式
  • 工作单格式
  • 卡片格式
题名:
汽车空调
    
 
作者: 王爱国 主编
分册:  
出版信息: 武汉   华中科技大学出版社  2017.06
页数: 254页
开本: 26cm
丛书名:
单 册:
中图分类: U463.85
科图分类:
主题词: 汽车空调--高等职业教育--教材
电子资源:
ISBN: 978-7-5680-2780-9
000 00933nam0 2200229 450
001 1197
005 20180927152329.22
010    @a978-7-5680-2780-9@dCNY35.00
100    @a20170905d2017 em y0chiy50 ea
101 0  @achi
102    @aCN@b420000
105    @aa z 000yy
200 1  @a汽车空调@9qi che kong tiao@f王爱国主编
210    @a武汉@c华中科技大学出版社@d2017.06
215    @a254页@c图@d26cm
300    @a国家示范性高等职业教育汽车类“十三五”规划教材 高等职业教育汽车类专业“双证课程”培养方案教材
330    @a本书以培养高素质的技术技能型人才为目标,分9个项目介绍了汽车空调方面的内容,每个项目再分为若干个任务。编者从职业教育的实际情况出发,根据汽车维修企业的实际操作和真实的维修资料,按照理实一体化的思路编写本书,力求使本书的内容系统、准确。
606 0  @a汽车空调@x高等职业教育@j教材
690    @aU463.85@v5
701  0 @a王爱国@9wang ai guo@4主编
801  0 @aCN@b91MARC@c20170905
905    @aMuseLib@dU463.85@e727
    
    汽车空调/王爱国主编.-武汉:华中科技大学出版社,2017.06
    254页:图;26cm
    国家示范性高等职业教育汽车类“十三五”规划教材 高等职业教育汽车类专业“双证课程”培养方案教材
    
    ISBN 978-7-5680-2780-9:CNY35.00
    本书以培养高素质的技术技能型人才为目标,分9个项目介绍了汽车空调方面的内容,每个项目再分为若干个任务。编者从职业教育的实际情况出发,根据汽车维修企业的实际操作和真实的维修资料,按照理实一体化的思路编写本书,力求使本书的内容系统、准确。
●
相关链接 在E读中查询图书 在五车中查询图书 在当当中查询图书 在豆瓣中查询图书


正题名:汽车空调     索取号:U463.85/727         预约/预借

序号 登录号 条形码 馆藏地/架位号 状态 备注
1 1121639   211216398   第二样本阅览室/ [索取号:U463.85/727] 在馆    
2 1121640   211216405   第三借阅区/ [索取号:U463.85/727] 在馆    
3 1121641   211216414   第三借阅区/ [索取号:U463.85/727] 在馆    
4 1121642   211216423   第三借阅区/ [索取号:U463.85/727] 在馆    
5 1121643   211216432   密集书库-物理学院/ [索取号:U463.85/727] 在馆    
唐山师范学院图书馆 欢迎您!
大连网信软件有限公司© 版权所有